Airlines at SAN (San Diego) - Statistics

General Stats
  • This quiz has been taken 47 times
  • The average score is 14 of 17
Answer Stats
Hint Answer % Correct
SLC Delta
100%
SFO United
100%
YVR Air Canada
97%
DFW American
97%
HNL Hawaiian
93%
SEA Alaska
90%
FRA Lufthansa
90%
LAS Southwest
90%
JFK Jetblue
83%
LHR British
80%
LAS Spirit
80%
DEN Frontier
77%
YVR Westjet
73%
MSP Sun Country
63%
LAS Allegiant
57%
ZRH Edelweiss
50%
HAN JAL
47%
No matching quizzes found
Score Distribution
Percent of People with Each Score
Percentile by Number Answered
Your Score History
You have not taken this quiz